000 01161nam a2200313 i 4500
001 bg
003 KOSZ 005
005 20200715090339.0
008 070620s1966 pl a f 001 0 pol
015 _aPB 1966/6578
040 _aWA N
_cKOSZ 005/RW
_dKOSZ 005/RW
_dKOSZ 005/HR
041 1 _apol
_heng
046 _k1966
080 _a544.4
100 1 _aKing, Edward Louis
_d(1920- ).
_eAutor
245 1 0 _aJak przebiegają reakcje chemiczne :
_bwstęp do kinetyki chemicznej i nauki o mechanizmach reakcji /
_cEdward L. King ; tł. Hanna Rembertowicz.
246 1 _iTyt. oryg.:
_aHow chemical reactions occur.
260 _aWarszawa :
_bPaństwowe Wydawnictwo Naukowe,
_c1966.
300 _a154, [2] s. :
_bil. ;
_c21 cm.
380 _aKsiążki.
504 _aBibliogr. s. 150-[152]. Indeks.
658 _aChemia
650 4 _aKinetyka chemiczna
650 4 _aReakcje chemiczne
700 1 _aRembertowicz-Szymborska, Hanna.
_eTłumaczenie
710 2 _aPaństwowe Wydawnictwo Naukowe
_4pbl.
856 _uhttp://koha.tu.koszalin.pl/cgi-bin/koha/opac-detail.pl?biblionumber=11603
_yKatalog online BPK
942 _2UKD
_cKS
999 _c11603
_d11603